000 10077njm0a2200637 4500
001 RU\NLR\ONIZ\264105
005 20250708193143.0
035 _a(NLR Aleph) 012550717
071 0 0 _aС60-17859-60
090 _a13284130
_c13284130
100 _a20210616d1982 |||y0rusy50 ca
102 _aRU
126 _aabbxexu ux
_bxxx
127 _a000037
135 _ahonoannnanndn
200 1 _aПесни
_bЗвукозапись
203 _aМузыка
_bисполнительская
_cаудио
210 _aМосква
_cМелодия
_d1982
_gЛенинградский завод грампластинок
_eЛенинград
215 _a1 грп. [ГОСТ 5289-80](37 мин) : 33 об/мин, стерео
_d30 см, в конв
300 _aЗаписи 1981, 1982 гг
325 _aКопия доступна в электронной библиотеке РНБ
327 1 _a1. Мои болгарские друзья / [автор слов] : К. Ваншенкин ; исполняет : Я. Френкель ;
_a2. У меня все тот же адрес / [автор слов] : Е. Долматовский ; исполняет : Я. Френкель ;
_a3. Снова ветка качнулась / [автор слов] : И. Гофф ; исполняет : А. Герман ;
_a4. Твое письмо / [автор слов] : Е. Долматовский ; исполняет : Л. Лещенко ;
_a5. Студенческая дорожка / [автор слов] : М. Львовский ; исполяет : Я. Френкель ;
_a6. Обучаю игре на гитаре / [автор слов] : К. Ваншенкин ; исполняет : Я. Френкель ;
_a7. Я дипломат / [автор слов] : Я. Зискинд ; исполняет : И. Кобзон ;
_a8. Моя глубинка / [автор слов] : И. Гофф ; исполняет : И. Кобзон ;
_a9. Осень прислала мне письма / [автор слов] : И. Шкляревский ; исполняет : Н. Брегвадзе ;
_a10. Матери / [автор слов] : Р. Гамзатов ; перевод Я. Козловского ; исполняет : И. Кобзон ;
_a11. Взрослая пора / [автор слов] : Е. Долматовский ; исполняет : И. Кобзон ;
_a12. Для тебя / [автор слов] : И. Шаферан ; исполняет : Я. Френкель
464 0 _12001#$aМои болгарские друзья$f[автор слов] : К. Ваншенкин$gисполняет : Я. Френкель
_1700#1$9z01790$aВаншенкин$bК. Я.$gКонстантин Яковлевич$f1925-2012$4230$7ca
_1701#1$9z02790$aФренкель$bЯ. А.$gЯн Абрамович$f1920-1989$4590$4vma$7ca
_1790#1$9z01700$aVanšenkin$bK. J.$gKonstantin Jakovlevič$f1925-2012$4230$7ba
_1790#1$9z02701$aFrenkel`$bY. A.$gYan Abramovich$f1920-1989$4590$4vma$7ba
_tМои болгарские друзья
_aВаншенкин, Константин Яковлевич (1925-2012)
464 0 _12001#$aУ меня все тот же адрес$f[автор слов] : Е. Долматовский$gисполняет : Я. Френкель
_1702#1$9z02790$aФренкель$bЯ. А.$gЯн Абрамович$f1920-1989$4590$4vma$7ca
_1702#1$9z03790$aДолматовский$bЕ.А.$gЕвгений Аронович$cпоэт$f1915-1994$4520$7ca
_1790#1$9z02702$aFrenkel`$bJ. A.$gJan Abramovič$f1920-1989$4590$4vma$7ba
_1790#1$9z03702$aDolmatovskij$bE.$gEvgenij$cpoet$f1915-1994$4520$7ba
_tУ меня все тот же адрес
464 0 _12001#$aСнова ветка качнулась$f[автор слов] : И. Гофф$gисполняет : А. Герман
_1702#1$9z01790$aГофф$bИ.А.$gИнна Анатольевна$cписатель, поэт$f1928-1991$4520$7ca
_1702#1$9z02790$aГерман$gАнна$cпение$f1936-1982$4590$4vwo$7ca
_1790#1$9z01702$aGoff$bI.$gInna$f1928-1991$4520$7ba
_1790#1$9z02702$aGerman$bA.$gAnna$f1936-1982$4590$4vwo$7ba
_tСнова ветка качнулась
464 0 _12001#$aТвое письмо$f[автор слов] : Е. Долматовский$gисполняет : Л. Лещенко
_1702#1$9z01790$aДолматовский$bЕ.А.$gЕвгений Аронович$cпоэт$f1915-1994$4520$7ca
_1702#1$9z02790$aЛещенко$bЛ. В.$gЛев Валерьянович$f1942-$4590$4vma$7ca
_1790#1$9z01702$aDolmatovskij$bE.$gEvgenij$cpoet$f1915-1994$4520$7ba
_1790#1$9z02702$aLeščenko$bL.$gLev$f1942-$4590$4vma$7ba
_tТвое письмо
464 0 _12001#$aСтуденческая дорожка$f[автор слов] : М. Львовский$gисполяет : Я. Френкель
_1702#1$9z02790$aФренкель$bЯ. А.$gЯн Абрамович$f1920-1989$4590$4vma$7ca
_1702#1$9z03790$aЛьвовский$bМ. Г.$gМихаил Григорьевич$cпоэт$f1919-1994$4520$7ca
_1790#1$9z02702$aFrenkel`$bJ. A.$gJan Abramovič$f1920-1989$4590$4vma$7ba
_1790#1$9z03702$aL`vovskij$bM.$gMichail$f1919-1994$4520$7ba
_tСтуденческая дорожка
464 0 _12001#$aОбучаю игре на гитаре$f[автор слов] : К. Ваншенкин$gисполняет : Я. Френкель
_1702#1$9z01790$aВаншенкин$bК. Я.$gКонстантин Яковлевич$f1925-2012$4520$7ca
_1702#1$9z02790$aФренкель$bЯ. А.$gЯн Абрамович$f1920-1989$4590$4vma$7ca
_1790#1$9z01702$aVanšenkin$bK. J.$gKonstantin Jakovlevič$f1925-2012$4520$7ba
_1790#1$9z02702$aFrenkel`$bJ. A.$gJan Abramovič$f1920-1989$4590$4vma$7ba
_tОбучаю игре на гитаре
464 0 _12001#$aЯ дипломат$f[автор слов] : Я. Зискинд$gисполняет : И. Кобзон
_1702#1$9z01790$aЯсенский$bБ.$gБруно$f1901-1938$4520$7ca
_1702#1$9z02790$aКобзон$bИ.Д.$gИосиф Давыдович$cпение$f1937-2018$4590$4vbr$7ca
_1790#1$9z01702$aЗискинд$bВ. Я.$gВиктор Яковлевич$f1901-1938$4520$7ca
_1790#1$9z02702$aKobzon$bI.$gIosif$f1937-2018$4590$4vbr$7ba
_tЯ дипломат
464 0 _12001#$aМоя глубинка$f[автор слов] : И. Гофф$gисполняет : И. Кобзон
_1702#1$9z01790$aГофф$bИ.А.$gИнна Анатольевна$cписатель, поэт$f1928-1991$4520$7ca
_1702#1$9z02790$aКобзон$bИ.Д.$gИосиф Давыдович$cпение$f1937-2018$4590$4vbr$7ca
_1790#1$9z01702$aGoff$bI.$gInna$f1928-1991$4520$7ba
_1790#1$9z02702$aKobzon$bI.$gIosif$f1937-2018$4590$4vbr$7ba
_tМоя глубинка
464 0 _12001#$aОсень прислала мне письма$f[автор слов] : И. Шкляревский$gисполняет : Н. Брегвадзе
_1702#1$9z03790$aБрегвадзе$bН. Г.$gНани Георгиевна$cпение$f1936-$4590$7ca
_1702#1$9z04790$aШкляревский$bИ. И.$gИгорь Иванович$cпоэт$f1938-$4520$7ca
_1790#1$9z03702$aBregvadze$bN.$gNani$f1936-$4590$7ba
_1790#1$9z04702$aŠkljarevskij$bI.$gIgor`$f1938-$4520$7ba
_tОсень прислала мне письма
464 0 _12001#$aМатери$f[автор слов] : Р. Гамзатов$gперевод Я. Козловского$gисполняет : И. Кобзон
_1702#1$9z03790$aКобзон$bИ.Д.$gИосиф Давыдович$cпение$f1937-2018$4590$4vbr$7ca
_1702#1$9z04790$aГамзатов$bР. Г.$gРасул Гамзатович$f1923-2003$4520$7ca
_1702#1$9z05790$aКозловский$bЯ. А.$gЯков Абрамович$cпоэт, переводчик$f1921-2001$4730$7ca
_1790#1$9z03702$aKobzon$bI.$gIosif$f1937-2018$4590$4vbr$7ba
_1790#1$9z04702$aGamzatov$bR. G.$gRasul Gamzatovič$f1923-2003$4520$7ba
_1790#1$9z05702$aKozlovskij$bJ.$gJakov$f1921-2001$4730$7ba
_tМатери
464 0 _12001#$aВзрослая пора$f[автор слов] : Е. Долматовский$gисполняет : И. Кобзон
_1702#1$9z01790$aКобзон$bИ.Д.$gИосиф Давыдович$cпение$f1937-2018$4590$4vbr$7ca
_1702#1$9z02790$aДолматовский$bЕ.А.$gЕвгений Аронович$cпоэт$f1915-1994$4520$7ca
_1790#1$9z01702$aKobzon$bI.$gIosif$f1937-2018$4590$4vbr$7ba
_1790#1$9z02702$aDolmatovskij$bE.$gEvgenij$cpoet$f1915-1994$4520$7ba
_tВзрослая пора
464 0 _12001#$aДля тебя$f[автор слов] : И. Шаферан$gисполняет : Я. Френкель
_1702#1$9z03790$aШаферан$bИ. Д.$gИгорь Давыдович$f1932-1994$4520$7ca
_1702#1$9z04790$aФренкель$bЯ. А.$gЯн Абрамович$f1920-1989$4590$4vma$7ca
_1790#1$9z03702$aŠaferan$bI.$gIgor`$f1932-1994$4520$7ba
_1790#1$9z04702$aFrenkel`$bJ. A.$gJan Abramovič$f1920-1989$4590$4vma$7ba
_tДля тебя
606 1 _aПесни российских композиторов
_z20-21 вв.
_jЗвукозапись
_2nlr_sh
606 1 _aПевцы эстрадные российские
_z20-21 вв.
_jЗвукозапись
_2nlr_sh
606 1 _aПесни эстрадные советские
_z20 век
_jЗвукозапись
_2nlr_sh
686 0 _aЩ943.4-041.5я44(2Р=Р)
700 1 _9z01790
_aФренкель
_bЯ. А.
_f1920-1989
_gЯн Абрамович
_4230
_7ca
790 1 _9z01700
_aFrenkel`
_bJ. A.
_f1920-1989
_gJan Abramovič
_4230
_7ba
801 0 _aRU
_bNLR
_c20210616
_gPSBO
801 1 _aRU
_bNLR
_c20210616
_2rusmarc
801 2 _aRU
_bNLR
_c20220514
852 _aNLR
_bМг
_j3/7946
_p36142
_t1
852 _aNLR
_bМг
_j3/7701
_p36234
_t2
856 0 _uhttps://vivaldi.nlr.ru/mk000000562/view
856 1 _uhttps://vivaldi.nlr.ru/mk000000562/cover
856 2 _uhttps://vivaldi.nlr.ru/mk000000562/text
942 _cREC
980 _aNB
980 _aONIZ
981 2 4 _a(24) Нотные издания и аудиозаписи
_b(24) Грампластинки